Normal view MARC view

Entry Nombre personal

Number of records used in: 1

001 - NÚMERO DE CONTROL

  • campo de control: 940

003 - IDENTIFICADOR DE NÚMERO DE CONTROL

  • campo de control: DLC

005 - FECHA Y HORA DE LA ÚLTIMA TRANSACCIÓN

  • campo de control: 20260320112409.0

008 - ELEMENTOS DE DATO DE LONGITUD-FIJA

  • campo de control de longitud fija: 040315n| acannaabn |n aaa c

010 ## - NÚMERO DE CONTROL DE LA BIBLIOTECA DEL CONGRESO

  • Número de control de LC: no2004024525

035 ## - NÚMERO DE CONTROL DEL SISTEMA

  • Número de control de sistema: (OCoLC)oca06297750

040 ## - FUENTE DE CATALOGACIÓN

  • Centro catalogador/agencia de origen: RPB-NP
  • Lengua de catalogación: eng
  • Centro/agencia transcriptor: RPB-NP

100 1# - ENCABEZAMIENTO-NOMBRE DE PERSONA

  • Nombre de persona: Fernández, Arturo,
  • Fechas asociadas al nombre: 1930-

670 ## - FUENTE DE DATOS ENCONTRADOS

  • Cita de la fuente: Esta que lo es, 1985:
  • Información encontrada: cast credits (Arturo Fernández)

670 ## - FUENTE DE DATOS ENCONTRADOS

  • Cita de la fuente: Internet movie database, Mar. 15, 2004
  • Información encontrada: (Arturo Fernández; b. 21 Feb. 1930, Gijón, Asturias, Spain; actor)